000 00441nam a22001097a 4500
082 _a370
100 _aGuider
_979384
245 _aजवाहर नवोदय विद्यालय प्रवेश प‍रीक्षा - 2020 कक्षा - 6 20 प्रैक्टिस सेट्स
260 _aनई दिल्‍ली
_bGuider Competitive Group
_c2020
650 _aशिक्षा
_979460
942 _cHIN
999 _c63071
_d63071